书目信息 |
| 书名: | GETTYSBURG:CIVIL WAR MEMORIES | |
| 作者: | Ruth Hoover Seitz | |
| 分册号: | ||
| 分册名: | 出版地: | USA |
|
| 出版社: | RB books | |
| 出版时间: | 1996 | |
| 页数: | 63p | |
| 开本: | 23cm | |
| 丛书名: | ||
| 中图分类号: | ||
| 科图分类号: | ||
| 其他分类号: | K551.52 | |
| 主题词: | ||
| 电子资源: | ||
| 000 | 00388nam0 2200145 450 | |
| 001 | 202012000300 | |
| 005 | 20121107104945.0 | |
| 008 | 12101701s | |
| 020 | @a9781879441019@c$5.99 | |
| 099 | @dK551.52@eR974 | |
| 245 | 10 | @aGETTYSBURG:CIVIL WAR MEMORIES@cRuth Hoover Seitz |
| 260 | 0 | @aUSA@bRB books @c1996 |
| 300 | @a63p@c23cm | |
| 905 | @b6851-3 | |
| 905 | @aTSG@dK551.52@eR974 | |
| GETTYSBURG:CIVIL WAR MEMORIES / Ruth Hoover Seitz.-USA : RB books , 1996 |
| 63p ; 23cm |
| ISBN 9781879441019$5.99 |
| ● |
| 相关链接 |
|
|
|
正题名:GETTYSBURG:CIVIL WAR MEMORIES
索取号:K551.52/R974
 
预约/预借
| 序号 | 登录号 | 条形码 | 馆藏地/架位号 | 状态 | 备注 |
| 1 | 6851 | 300068511 | 社科库309/309社科库 994排1列3层/ [索取号:K551.52/R974] | 在馆 | |
| 2 | 6852 | 300068520 | 社科库309/309社科库 994排1列3层/ [索取号:K551.52/R974] | 在馆 | |
| 3 | 6853 | 300068539 | 社科库309/309社科库 994排1列3层/ [索取号:K551.52/R974] | 在馆 |